000 03269cam a2200325 4500500
005 20260329011216.0
041 _afre
042 _adc
100 1 0 _aTortochot, Éric
_eauthor
700 1 0 _aCoupaud, Magali
_eauthor
700 1 0 _aPedregosa, Alice Delserieys
_eauthor
245 0 0 _aÉcrire et dessiner pour raconter des expérimentations chez les élèves de l’école élémentaire
260 _c2026.
500 _a15
520 _aL’objectif de cette étude est d’observer l’usage du dessin et du texte par des élèves dans des carnets pendant une activité STEAM (Science, Technology, Engineering, Arts and Mathematics) pour raconter une expérimentation scientifique et dessiner un objet technique. À l’aide d’une méthodologie mixte au design exploratoire, les contenus de 141 carnets individuels d’élèves de 6 à 11 ans ont été analysés. Les premiers résultats montrent que les élèves, peu importe l’âge, adoptent des stratégies pour utiliser le texte et le dessin simultanément : ils communiquent des informations sourcées et des idées complexes qui évoquent la fabrication de l’objet technique et son utilisation dynamique avec les concepts physiques sous-jacents qui expliquent cette dynamique.
520 _aThe aim of this study is to examine how students use drawings and texts in notebooks during a STEAM activity (Science, Technology, Engineering, Arts and Mathematics) to narrate a scientific experiment and represent a technical object. Using a mixed methodology with exploratory design, the contents of 141 individual notebooks from students aged 6 to 11 were analysed. The initial findings indicate that students of all ages adopt strategies to combine texts and drawing simultaneously: they communicate sourced information and complex ideas that convey both the construction of the technical object and its dynamic use, together with the underlying physical concepts that explain this dynamic.
520 _aEl objetivo de este estudio es analizar cómo los alumnos utilizan dibujos y textos en sus cuadernos durante una actividad STEAM (Science, Technology, Engineering, Arts and Mathematics) para relatar una experimentación y representar un objeto técnico. Mediante una metodología mixta con diseño exploratorio, se analizaron los contenidos de 141 cuadernos individuales de alumnos de 6 a 11 años. Los primeros resultados muestran que los alumnos, independientemente de la edad, adoptan estrategias para utilizar textos y dibujos simultáneamente: comunican información fundamentada y ideas complejas que evocan tano la fabricación del objeto técnico como su uso dinámico, junto con los conceptos físicos subyacentes que explican esta dinámica.
690 _acarnets d’expérimentation
690 _aécole élémentaire
690 _aobjet technique
690 _araconter la science
690 _aSTEAM
690 _aelementary school
690 _aexperiment notebooks
690 _anarrating science
690 _aSTEAM
690 _atechnical object
786 0 _nRecherches en didactiques | 39-40 | 1-2 | 2026-02-03 | p. 199-224 | 2116-9683
856 4 1 _uhttps://shs.cairn.info/revue-recherches-en-didactiques-2025-1-2-page-199?lang=fr&redirect-ssocas=7080
999 _c1859626
_d1859626